Länder nach Duschgels #9 - Statistiken

Allgemein
  • Dieses Quiz wurde 25 mal gespielt
  • Das Durchschnittsergebnis liegt bei 7 aus 10
Antwortstatistiken
Bildquiz Antwort % Korrekt
Andorra
95%
Marokko
95%
Portugal
95%
Slowakei
86%
Costa Rica
64%
Afghanistan
59%
Dschibuti
55%
Simbabwe
55%
Fidschi
50%
Jemen
45%
Keine übereinstimmenden Quizze gefunden
Verteilung der Resultate
Anzahl Personen mit jedem Resultat
Perzentil nach korrekt beantworteten Fragen
Ihre Resultats-Entwicklung
Sie haben dieses Quiz noch nicht gespielt